| 000 | 00371nam a22001457a 4500 | ||
|---|---|---|---|
| 020 | _a8186321632 | ||
| 082 |
_a631.1 _bOJH/PR |
||
| 100 |
_aOjha T P _9112 |
||
| 245 | _aPrinicples of Agricultural Engineering Vol. 1 | ||
| 260 |
_aNew Delhi _bJain Brothers _c2012 |
||
| 300 | _a902 | ||
| 650 |
_aAgricultual Engineering _9113 |
||
| 700 |
_aMichael A M _9114 |
||
| 942 | _cBK | ||
| 999 |
_c14109 _d14109 |
||